000 00957nam a2200253Ia 4500
003 OSt
005 20221005113319.0
006 a|||||r|||| 00| 0
007 ta
008 221004b |||||||| |||| 00| 0 pan d
020 _a9788130204932 (hbk)
_cINR 350.00
024 _a68591
037 _bSP/5334, 28/01/2020, Star Publications Pvt. Ltd.
_cTextual
040 _aCRL
_cCRL
_bpan
041 _2pan
_apan
082 _aY73(P153):351, 153Q9
100 _aਔਲ॥, ਸਤਿੰਦਰ, ਂਚ.
245 0 _aਮਨੋਵਿFਲੇFਣ ਅਤੇ ਪੰਜਾਬੀ ਲੋਕਧਾਰਾ
260 _aਪਟਿਆਲਾ
_bਪਬਲੀਕੇFਨ ਬਿਊਰੋ ਪਟਿਆਲਾ
_c2019
300 _a129ਪ੍ਰ0
_ccm.
650 _aਸਭਿਆਚਾਰ
942 _hY73(P153):351, 153Q9
_cTEXL
_2cc
999 _c1027767
_d1027767